50 Question General Knowledge #2 - Statistics

General Stats
  • This quiz has been taken 55 times
    53 since last reset
  • The average score is 19 of 50
Answer Stats
Hint Answer % Correct
What sport involves a wicket, pitch, and boundary line? Cricket
79%
In which country would you find the Sistine Chapel? Vatican City
79%
What is the largest state in the USA? Alaska
73%
What is the largest national park in the USA? Yellowstone
69%
What country is located entirely in the Pyrenees? Andorra
67%
What country was Marie Curie born in? Poland
67%
What country is primarily located in Anatolia? Turkey
67%
What is the capital of Tasmania? Hobart
65%
What country has the most time zones? France
63%
What mountain range separates France from Spain? Pyrenees
63%
What city is home to the Kaaba? Mecca
58%
What is the hypotenuse of a right angle triangle whose other sides measure 3 and 4? 5
54%
What is the capital of East Timor? Dili
52%
Solve 4! divided by 2! 12
50%
Who was the 23rd prime minister of Canada? Justin Trudeau
50%
What is the 3rd holiest city in Islam? Jerusalem
48%
What city is also known as "The City by the Bay"? San Francisco
48%
Who wrote Around the World in 80 Days? Jules Verne
46%
What is the closest Mexican city to San Diego? Tijuana
46%
What is the most famous United States Military base in Nevada? Area 51
44%
What is the 2nd most populated island in the British Isles? Ireland
42%
Who painted The Nightwatch? Rembrandt
42%
What is the capital of Armenia? Yerevan
42%
What is the longest river in France? Loire
40%
What is the largest city in Kazakhstan? Almaty
38%
What is the capital of Burkina Faso? Ouagadougou
35%
What city is home to the oldest university in the world? Bologna
33%
What is the official name of Saudi Arabia? Kingdom of Saudi Arabia
33%
What is the official name of the United Kingdom? The United Kingdom of Great Britain and Northern Ireland
33%
In which country would you find Quttinirpaaq National Park? Canada
31%
Who wrote Moby Dick? Herman Melville
31%
Who was the first prime minister of India? Jawaharlal Nehru
31%
Who untied the Gordian Knot? Alexander the Great
29%
Which country has its seat of government on the atoll of Tarawa? Kiribati
27%
What does Rio de Janeiro translate to? River of January
27%
In which country does Embraer have its headquarters? Brazil
25%
What is the capital of Chad? Ndjamena
23%
What city is served by Queen Alia International Airport? Amman
21%
What is the closest major city to Machu Picchu? Cuzco
21%
What country has the headwaters of the Madre de Dios river? Peru
21%
What is the state ideology of North Korea? Juche
19%
What is the longest river in Canada Mackenzie River
19%
What is the flag carrier airline of Colombia? Avianca
17%
What was the former name of that city? Alma-Ata
13%
Dramatic, situational, and verbal are all types of what? Irony
10%
In which country would you find the Gobustan State Historical and Cultural Reserve? Azerbaijan
8%
Who wrote Drinking Alone by the Moonlight? Li Bai
8%
Which company, owned by Lockheed Martin, manufactures Black Hawk helicopters? Sikorsky
8%
What is the four letter ICAO airport code for London Heathrow? EGLL
6%
What is the artificial freshwater lake located just south of Colón? Gatun Lake
6%
No matching quizzes found
Score Distribution
Percent of People with Each Score
Percentile by Number Answered
Your Score History
You have not taken this quiz since the last reset